| 000 | 00768nam a22002297a 4500 | ||
|---|---|---|---|
| 999 |
_c6941 _d6941 |
||
| 003 | AR-CdUCM | ||
| 008 | 190319b ||||| |||| 00| 0 spa d | ||
| 040 |
_aMUNICIPALIDAD PROVINCIAL DEL CUSCO _cBIBLIOTECA MUNICIPAL DEL CUSCO |
||
| 082 |
_a632.7 / _bM45 |
||
| 100 |
_aMetcalf, C. L. _919559 |
||
| 245 |
_aInsectos Destructivos e Insectos utiles : _bsus costumbres y su control / |
||
| 260 |
_aMexico : _bContinental, _c1965. |
||
| 300 |
_a1208 paginas ; _bDibujos, ilustraciones, graficos, cuadros, _c23cm. |
||
| 500 | _aTr. de la 4a ed. en inglés. | ||
| 650 |
_aEntomologia _919560 |
||
| 650 |
_aAgricola _919561 |
||
| 650 |
_aZootecnia _95913 |
||
| 650 |
_aInsectos _919562 |
||
| 700 |
_aFlint, Wesley Pillsbury _919563 |
||
| 942 |
_2ddc _cLIBROS |
||
| 945 | _apjha | ||